Basic Electricity Module #1 Fundamentals of Electricity - Statistics

General Stats
  • This quiz has been taken 41 times
  • The average score is 4 of 8
Answer Stats
Question Answer % Correct
Electrons flow from "________" to "________." Negative, Positive
81%
An electron that has been removed from its parent atom is called a(n) _________ electron. free
65%
What is the mechanism that deals with polarity and relative motion between the field and conductor? Electromagnetic induction
62%
BONUS: What law describes how current behaves at a point in a circuit where three or more circuit paths intersect? Kirchhoff's First Law
49%
Electromotive force (EMF) is _________. Voltage
38%
What has the most to do with electrical theory and electrical properties of materials? Valence electrons
35%
BONUS: What law would you use to calculate component level voltage drops? Kirchhoff's Second Law
32%
BONUS: Ohm's law states that the electric current through a conductor between two points is directly proportional to the voltage across the two points, provided all physical conditions and temperatures remain constant. Given this which formula is correct? E = I x R
30%
No matching quizzes found
Score Distribution
Percent of People with Each Score
Percentile by Number Answered
Your Score History
You have not taken this quiz